Estudio técnico para la producción de giberelinas mediante fermentación

में बचाया:
ग्रंथसूची विवरण
मुख्य लेखक: Murillo Guzmán, Alvaro José
स्वरूप: पुस्तक
प्रकाशित: San José, Costa Rica 1993
विषय:
टैग: टैग जोड़ें
कोई टैग नहीं, इस रिकॉर्ड को टैग करने वाले पहले व्यक्ति बनें!

MARC

LEADER 00000nam a2200000Ia 4500
003 006000
005 20221231144319.0
008 140114s1993 cr a m 000 ||s d
040 |c cru CEDI 
090 |a TFG 2705 
100 |a Murillo Guzmán, Alvaro José  |9 12223 
245 |a Estudio técnico para la producción de giberelinas mediante fermentación  
260 |c 1993  |a San José, Costa Rica 
300 |a  iv, 108 hojas : ilustraciones ; 29 cm.  
500 |a  Proyecto de graduación (licenciatura en ingeniería química)--Universidad de Costa Rica. Facultad de Ingeniería. Escuela de Ingeniería Química 
650 |x FERMENTACION   |x GIBERELINAS  |9 12225 
942 |c TFG  |2 ddc 
999 |c 20000  |d 20000